| 000 | 01042cam a22003014a 4500 | ||
|---|---|---|---|
| 001 | 16063339 | ||
| 005 | 20161025133035.0 | ||
| 008 | 100121s2010 enk b 001 0 eng | ||
| 020 | _a9780415547123 (hardback) | ||
| 020 | _a0415547121 (hardback) | ||
| 020 | _a9780415547130 (pbk.) | ||
| 020 | _a041554713X (pbk.) | ||
| 020 | _a9780203847299 (ebook) | ||
| 020 | _a0203847296 (ebook) | ||
| 040 |
_aDLC _cDLC _dDLC |
||
| 082 | 0 | 0 |
_a320.014 _222 _bDAV |
| 100 | 1 |
_aDavis, Aeron. _928558 |
|
| 245 | 1 | 0 |
_aPolitical communication and social theory / _cAeron Davis. |
| 260 |
_aLondon ; _aNew York : _bRoutledge, _cc2010. |
||
| 300 |
_axviii, 196 p. ; _c24 cm. |
||
| 490 | 0 |
_aCommunication and society _928559 |
|
| 504 | _aIncludes bibliographical references (p. [164]-187) and index. | ||
| 650 | 0 |
_aCommunication in politics. _928560 |
|
| 653 |
_bEco _cFebruary2012 |
||
| 650 | 0 |
_928561 _aMass media _xPolitical aspects |
|
| 942 |
_2ddc _cBB |
||
| 999 |
_c16374 _d16374 |
||